000 00375nam a22001457a 4500
005 20200619153906.0
008 200619b xxu||||| |||| 00| 0 eng d
082 _a345.4 LIC
110 _aALL INDIA REPORTER
_96247
245 _aLABOUR AND INDUSTRIAL CASES [1969] V-I
260 _aMUMBAI
_bALL INDIA REPORTER Pvt.Ltd
300 _a800p
650 _aLAW
_95701
942 _cJRL
999 _c7341
_d7339